|
|
|
|
| LEADER |
03496nam a2200373Ia 4500 |
| 001 |
9781134866168 |
| 003 |
FlBoTFG |
| 005 |
20100930121849.0 |
| 006 |
a|||||s||||||||||| |
| 007 |
cr|||| |
| 008 |
100315t19941989enkb sb 001 0 eng d |
| 010 |
|
|
|a 88021617
|
| 020 |
|
|
|a 9780203988961 (e-book : PDF)
|
| 040 |
|
|
|a FlBoTFG
|c FlBoTFG
|d GrThAP
|
| 090 |
|
|
|a CC77.H5
|b C66 1994
|
| 092 |
|
|
|a 930.1
|b C748
|
| 245 |
0 |
0 |
|a Conflict in the archaeology of living traditions
|h [electronic resource] /
|c edited by Robert Layton.
|
| 260 |
|
|
|a London ;
|a New York :
|b Routledge,
|c 1994, c1989.
|
| 300 |
|
|
|a xxvii, 250 p. :
|b maps ;
|c [ca. 23-29] cm.
|
| 490 |
1 |
|
|a One world archaeology ;
|v 8
|
| 504 |
|
|
|a Includes bibliographical references and index.
|
| 505 |
0 |
|
|a Preface and Recent developments / Robert Layton -- Introduction : conflict in the archaeology of living traditions / Robart Layton -- 1. Relations of production and exchange in 17th-century New England : interpretive contexts for the archaeology of culture contact / Alan D.Beauregard -- 2. Archaeology, colonialism and 17th-century Native America : towards an alternative interpretation / Patricia E. Rubertone -- 3. History and prehistory in Bolivia : what about the Indians? / Carlos Mamami Condori -- 4. Made radical by my own : an archaeologist learns to accept reburial / Larry J. Zimmerman -- 5. On the problem of historicist categories in theories of human development / Angela Gilliam -- 6. The burden of an encumbered inheritance upon the study of the past of Madagascar / Jean-Aimâe Rakotoarisoa -- 7. Archaeological and anthropological hypotheses concerning the origin of ethnic divisions in sub-Saharan Africa / Pancrace Twagiramutara -- 8. The role of language in African perceptions of the past : an appraisal of African language policies and practices / Bongasu Tanla Kishani -- 9. A chapter in the history of the colonization of Sámi lands: the forced migration of Norwegian reindeer Sámi to Finland in the 1800s / Marjut and Pekka Aikio -- 10. A proper place for the dead : a critical review of the 'reburial' issue / Jane Hubert -- 11. The sanctity of the grave : White concepts and American Indian burials / Randall H. McGuire -- 12. The acquisition, storage and handling of Aboriginal skeletal remains in museums : an indigenous perspective / Lori Richardson -- 13. The souls of my dead brothers / Ernest Turner -- 14. Statement of American Indians Against Desecration before the World Archaeological Congress / Jan Hammil, Robert Cruz -- 15. Federal Indian burial policy : historical anachronism or contemporary reality? / Stephen Moore -- 16. Human bones as symbols of power : aboriginal American belief systems toward bones and 'grave-robbing' archaeologists / Larry J. Zimmerman -- 17. The role of archaeology in nation building / Jo Mangi -- 18. Dual perceptions of the past : archaeology and Inuit culture / Ellen Bielawski.
|
| 530 |
|
|
|a Also available in print edition.
|
| 533 |
|
|
|a Electronic reproduction.
|b [London, Eng. :
|b Taylor and Francis,
|d 2010].
|n PDF file created from digital scan of print book.
|
| 650 |
|
0 |
|a Archaeology and history.
|
| 650 |
|
0 |
|a Ethnoarchaeology.
|
| 650 |
|
0 |
|a Archaeology
|x Philosophy.
|
| 650 |
|
0 |
|a Objectivity.
|
| 655 |
|
7 |
|a Electronic books.
|2 lcsh
|
| 700 |
1 |
|
|a Layton, Robert,
|d 1944-
|
| 776 |
1 |
|
|z 9780415095594
|
| 776 |
1 |
|
|z 041509559X
|
| 830 |
|
0 |
|a One world archaeology ;
|v 8.
|
| 856 |
4 |
0 |
|u http://www.tandfebooks.com/isbn/9780203988961
|z Full Text via HEAL-Link
|